1404 1276 1548 1882 1527 1373 1166 1877 1781 1783 1990 1713 1112 1880 1832 1877 1550 1463 1234 1792 1494 1554 1459 1019 1682 1251 1433 1140 1660 1389 1627 1726 1419 1275 1533 1415 1232 1687 1400 1932 1508 1753 1146 1486 1913 1297 1141 1717 1212 1213 1059 1772 1598 1984 1164 1080 1097 1613 1726 1050 1974 1177 1371 1675 1887 1328 1517 1237 1559 1114 1135 1396 1027 1478 1107 1392 1877 1196 1464 1831 1760 1296 1259 1392 1755 1542 1701 1123 1947 1483 1130 1134 1445 1255 1202 1259 1245 1238 1090 BCNSPRNW ULIB Ver.6.0+V

เปลี่ยนเป็นภาษาไทย

Change to English
 แสดงรายละเอียดบรรณานุกรม
  กลับหน้าหลัก

Brief Record : Get Marc (ISO 2709) : E-mail record : QR code < ปิดหน้าต่าง
LEADER : 00000nam 2200000uu 4500
001    13399128193
003     ULIB
008    220815s2022||||th 000 0 tha d
020  & ^a9781119536451
060  & ^aWG140^bB388
100 1  ^aBayes de Luna.
245 10 ^aClinical electrocardiography : ^ba textbook /^c Antoni Bayes de Luna ; with contributions from: A. Bayes Genis ... [et al].
250  & ^a5th ed.
260  & ^aChichester, West Sussex ;^a Hoboken, NJ :^b Wiley-Blackwell,^c2022.
300  & ^axi, 591 p. :^b ill.
500  & ^aWritten by one of the world s most respected cardiologists and designed with the needs of the internist and general clinical cardiologist in mind, this new volume provides clear, accessible guidance on the use of electrocardiography to diagnose and manage cardiovascular disease-- Provided by publisher.
504  & ^aIncludes bibliographical references and index.
505 0  ^aMachine generated contents note: pt. 1 Introductory aspects -- 1 The electrical activity of the heart -- 2 The history of the electrocardiography -- 3 Utility and limitations of the surface ECG : present and future -- pt. 2 The normal ECG -- 4 Anatomical basis of the ECG : from macroscopic anatomy to ultrastructural characteristics -- 5 Electrophysiological basis of the ECG : from cell electrophysiology to the human ECG -- 6 The ECG recording : leads, devices, and techniques -- 7 Characteristics of the normal electrocardiogram : normal ECG waves and intervals -- 8 Diagnostic criteria : sensitivity, specificity, and predictive value -- pt. 3 Abnormal ECG patterns -- 9 Atrial abnormalities -- 10 Ventricular enlargement --11 Ventricular blocks --12 Ventricular pre-excitation
505 0  ^a13 Ischemia and necrosis -- pt. 4 Arrhtythmias -- 14 Mechanisms, classification, and clinical aspects of arrhythmias -- 15 Active supraventricular arrhythmias --16 Active ventricular arrhythmias -- 17 Passive arrhythmias --18 Diagnosis of arrhythmias in clinical practice : a step by step approach -- pt. 5 The clinical usefulness of electrocardiography -- 19 The diagnostic value of electrocardiography abnormalities -- 20 The ECG in different clinical settings of ischemic heart disease -- 21 Inherited heart diseases -- 22 The ECG in other heart diseases -- 23 The ECG in other diseases and different situations -- 24 Other ECG patterns of risk -- 25 Limitations of the conventional ECG : utility of other techniques.
650 4  ^aElectrocardiography^xMethods.
650 4  ^aHeart diseases^xDiagnosis.
700 1  ^aGenis, A. Bayes.
945    ^p0^l0^i009297
999    ^aประนอม เกษจรัล
รายการนี้ยังไม่มีแท็ก
คุณยังไม่ได้ล็อกอิน คุณสามารถมีกิจกรรมร่วมกับเว็บไซต์ได้ แต่ต้องล็อกอินก่อน ::
  ล็อกอิน

รายการสื่อสารสนเทศ

ลำดับที่ ประเภท เลขเรียก/บาร์โค้ด สถานที่ สถานะ
1. วิทยาศาสตร์การแพทย์ และสุขภาพ
หนังสือสำรอง
สถานะ=หนังสือสำรอง
WG140 B388 ฉ.1 
  Barcode: 009297
ห้องสมุดวิทยาเขตสวรรค์ประชารักษ์
►หนังสือทั่วไป
บนชั้น

BibComment


ยังไม่เคยถูกคอมเมนท์

คอมเมนท์ทรัพยากรรายการนี้
  คอมเมนท์: Clinical electro..


 Copyright 2026. Bcnsprnw @Library